000 00387nam a2200121Ia 4500
008 171212s9999 xx 000 0 und d
020 _a9781787350052
100 _aBoulter, Michael
245 _cBoulter, Michael
_aBloomsbury Scientists
_bScience and Art in the Wake of Darwin
260 _bUCL Press
_c2017
650 _aArt & Art History
856 _uhttp://jstor.org/stable/j.ctt1vxm8sr
999 _c352852
_d352852